| 000 | 00414nam a2200145Ia 4500 | ||
|---|---|---|---|
| 003 | GCL | ||
| 008 | 140319s9999 xx 000 0 ara d | ||
| 040 |
_aGCL / _cGCL |
||
| 082 | 0 | 4 |
_a843 _bم ب |
| 100 | 1 | _aاحمد الصاوى محمد | |
| 245 | 1 | 0 |
_aبيرون او دون جوان / _cاحمد الصاوى محمد |
| 700 | 1 | _aموروا, اندرى | |
| 300 | _a195 ص | ||
| 490 |
_aمدرسة النبوغ _v0 |
||
| 999 |
_c47566 _d47566 |
||